=LDR 00000nam 2200000 4500 =001 INLIS000000000006161 =005 20200429095518 =035 ##$$a 0010-061300000006161 =008 200429################g##########0#ind## =041 ##$$a Ind =082 ##$$a 2x2.4 =090 ##$$a 2x2.4, Fak t =100 ##$$a Fakhruddin HS =245 1#$$a Terjemah hadits shahih muslim VI /$c Fachruddin HS =260 ##$$a Jakarta :$b Bulan Bintang,$c 1982 =300 ##$$a 272 hlm. ; $c 14,5x20,5 cm. =650 #4$$a Shahih Muslim =850 ##$$a NBPNMAT =084 ##$$a 2x2.4 FAK t =990 ##$$a DW00025684